| 000 | 00415nam a2200133Ia 4500 | ||
|---|---|---|---|
| 008 | 170516s9999 xx 000 0 und d | ||
| 245 | _aProspective Study of 68Ga-NOTA-NFB: Radiation Dosimetry in Healthy Volunteers and First Application in Glioma Patients | ||
| 260 | _bTheranostics | ||
| 260 | _c2015 | ||
| 300 | _a5:8 | ||
| 650 | _xMedical Technology | ||
| 650 | _xMedtech | ||
| 856 | _uhttp://www.thno.org/v5i8 | ||
| 999 |
_c330668 _d330668 |
||